000 00211 a2200097 4500
001 46620
100 _aKhalid, Abdul Aziz
245 _aParwaz-e-Aeqab
260 _aLahore
_bAyena Adab
_c
090 _c29723
_d29723
942 _aNUST-CAE
_cM
_c21917
999 _c281693
_d281693